000 00598nam a2200241Ia 4500
003 GCL
008 140319s9999 xx 000 0 eng d
020 _a0005237743
040 _aGCL /
_cGCL
082 0 4 _a709.43
_bK G
100 1 _aTISSINK, FIEKE
245 1 0 _aTHE GOLDEN AGE OF DUTCH ART /
_cTISSINK, FIEKE
700 1 _aKIERS, JUDKIJE
260 _aانجلترا :
_bTHAMES AND HUDSON ،
_c1998
300 _a28 CM ؛
_c371 P
650 0 4 _aARTS
650 0 4 _aPAINTING
650 0 4 _aPOTTERY
650 0 4 _aGERMAN
650 0 4 _aART, GERMANY
650 0 4 _aSCULPTURE
942 _2ddc
_cBK
999 _c1328
_d1328